Population growth and economic development with special reference to Pakistan; (Record no. 34247)
[ view plain ]
| 000 -LEADER | |
|---|---|
| fixed length control field | 01218cam a2200289 a 4500 |
| 001 - CONTROL NUMBER | |
| control field | 34247 |
| 003 - CONTROL NUMBER IDENTIFIER | |
| rucl marc code | BD-RjUL |
| 005 - DATE AND TIME OF LATEST TRANSACTION | |
| control field | 20211209052128.0 |
| 008 - FIXED-LENGTH DATA ELEMENTS--GENERAL INFORMATION | |
| fixed length control field | 140514s1960 pk a 100 0 eng |
| 035 ## - SYSTEM CONTROL NUMBER | |
| System control number | (BD-RjUL)34341 |
| 040 ## - CATALOGING SOURCE | |
| Original cataloging agency | DLC |
| Transcribing agency | MiKC |
| Modifying agency | OCoLC |
| -- | BD-RjUL |
| Language of cataloging | eng |
| 041 ## - LANGUAGE CODE | |
| Language code of text/sound track or separate title | eng |
| 082 ## - DEWEY DECIMAL CLASSIFICATION NUMBER | |
| Classification number | 363.96 |
| Author mark and year | POP 1960 |
| 090 ## - LOCALLY ASSIGNED LC-TYPE CALL NUMBER (OCLC); LOCAL CALL NUMBER (OCLC) | |
| Classification number (OCLC) (R) ; Classification number, CALL (RLIN) (NR) | LCo |
| 111 2# - MAIN ENTRY--MEETING NAME | |
| Meeting name or jurisdiction name as entry element | Seminar on the Problems of Population Growth and Economic Development with Special Reference to Pakistan |
| Date of meeting | (1959 : |
| Location of meeting | Karachi, Pakistan) |
| 9 (RLIN) | 104094 |
| 245 10 - TITLE STATEMENT | |
| Title | Population growth and economic development with special reference to Pakistan; |
| Remainder of title | summary report of a seminar organized by the Institute of Development Economics, Karachi, in cooperation with the Population Council, New York, September 8-13, 1959 / |
| Statement of responsibility, etc. | M.L. Qureshi, editor. |
| 260 ## - PUBLICATION, DISTRIBUTION, ETC. (IMPRINT) | |
| Place of publication, distribution, etc. | Karachi : |
| Name of publisher, distributor, etc. | Institute of Development Economics, |
| Date of publication, distribution, etc. | 1960. |
| 300 ## - PHYSICAL DESCRIPTION | |
| Pagination | 365 p. : |
| Illustrations | ill. ; |
| Size | 22 cm. |
| 651 #0 - SUBJECT ADDED ENTRY--GEOGRAPHIC NAME | |
| Geographic name | Pakistan |
| General subdivision | Population. |
| 9 (RLIN) | 104090 |
| Geographic name | Pakistan |
| General subdivision | Economic conditions. |
| 9 (RLIN) | 104091 |
| 700 1# - ADDED ENTRY--PERSONAL NAME | |
| Personal name | Qureshi, M. L. |
| 710 2# - ADDED ENTRY--CORPORATE NAME | |
| Corporate name or jurisdiction name as entry element | Pakistan Institute of Development Economics. |
| 9 (RLIN) | 8233 |
| Corporate name or jurisdiction name as entry element | Population Council. |
| 9 (RLIN) | 4474 |
| 942 ## - ADDED ENTRY ELEMENTS (KOHA) | |
| Source of classification or shelving scheme | Dewey Decimal Classification |
| Koha item type | Books |
| Lost status | Source of classification or shelving scheme | Damaged status | Not for loan | Collection code | Permanent Location | Current Location | Shelving location | Date acquired | Source of acquisition | Total Checkouts | Full call number | Date last seen | Copy number | Koha item type | Cost, normal purchase price |
|---|---|---|---|---|---|---|---|---|---|---|---|---|---|---|---|
| Dewey Decimal Classification | Non-fiction | Central Library, University of Rajshahi | Central Library, University of Rajshahi | 02/03/1968 | Zeitlinger | 363.96 POP 1960 | 14/05/2014 | C-2 | Books | ||||||
| Dewey Decimal Classification | Not For Loan | Non-fiction | Central Library, University of Rajshahi | Central Library, University of Rajshahi | Reading Room | 12/05/1967 | University book agency | 363.96 POP 1960 | 28/12/2016 | C-1 | Books | 10.00 |